Đánh giá khả năng hấp phụ đạm, lân của than đước và than tràm để tái sử dụng trồng rau xà lách : Luận văn Thạc sĩ chuyên ngành Khoa học môi trường

Luận văn đánh giá khả năng xử lý đạm, lân trong nước thải biogas bằng các biện pháp hấp thụ của than tràm và than đước. Đánh giá sự phát thải khí NH3 và tăng trưởng của rau xà lách trồng trên các vật liệu hấp thụ....

Full beskrivning

Sparad:
Bibliografiska uppgifter
Huvudupphovsman: Huỳnh, Thị Mỹ Duyên
Materialtyp: Bok
Språk:Undetermined
Publicerad: Cần Thơ Trường Đại học Cần Thơ 2010
Ämnen:
Taggar: Lägg till en tagg
Inga taggar, Lägg till första taggen!
Thư viện lưu trữ: Trung tâm Học liệu Trường Đại học Cần Thơ
LEADER 01187nam a2200217Ia 4500
001 CTU_166655
008 210402s9999 xx 000 0 und d
082 |a 631.8 
082 |b D527 
088 |a 60440301 
100 |a Huỳnh, Thị Mỹ Duyên 
245 0 |a Đánh giá khả năng hấp phụ đạm, lân của than đước và than tràm để tái sử dụng trồng rau xà lách : 
245 0 |b Luận văn Thạc sĩ chuyên ngành Khoa học môi trường 
245 0 |c Huỳnh Thị Mỹ Duyên ; Nguyễn Hữu Chiếm (Hướng dẫn khoa học) 
260 |a Cần Thơ 
260 |b Trường Đại học Cần Thơ 
260 |c 2010 
520 |a Luận văn đánh giá khả năng xử lý đạm, lân trong nước thải biogas bằng các biện pháp hấp thụ của than tràm và than đước. Đánh giá sự phát thải khí NH3 và tăng trưởng của rau xà lách trồng trên các vật liệu hấp thụ. 
650 |a Phân bón,Fertilizer 
904 |i Huệ, Hải 
980 |a Trung tâm Học liệu Trường Đại học Cần Thơ